| 000 | 00886nam a2200325Ia 4500 | ||
|---|---|---|---|
| 001 | 43428 | ||
| 005 | 20240114003547.0 | ||
| 007 | ta | ||
| 008 | 081022s1939 g b000 u 491 u | ||
| 040 | _aCotton College,Assam | ||
| 041 | _a491 | ||
| 082 |
_a016.8912 _bSa 79 D |
||
| 100 | _aSastri, S.Kuppuswami . | ||
| 245 | 0 |
_aA Descriptive Catalogue of The Sanskrit Manuscripts / _cS.Kuppuswami Sastri. _hTextual Documents |
|
| 250 | _aIst ed / | ||
| 260 |
_aMadras : _bGovernment Press , _c1939. |
||
| 300 |
_a10566 ; _c24cm. |
||
| 653 | _aCatalogue - Sanskrit Manuscripts | ||
| 653 | _aSanskrit Manuscripts-Catalogue | ||
| 653 | _aT/G- Computer Science | ||
| 653 | _aT/G-Sanskrit | ||
| 653 | _aBV-Sanskrit | ||
| 653 | _aJournal | ||
| 942 |
_2ddc _cBK |
||
| 999 |
_c43394 _d43394 |
||